00780nam a2200265Ia 4500008004000000020001800040041000800058082001600066100002400082245005600106260004600162300001200208650001000220650001000230650001000240650000700250650001700257650001300274650000900287650000800296690001800304906001100322999001900333952016200352210210b2011 xxu||||| |||| 00| 0 eng d a9780198072577 aeng a305.42 RAJG aRAJU (Saraswati) Ed aGendered geographies: space and place in South Asia aNew DelhibOxford University Pressc2011 axv, 316 aspace aSouth aplace ain ageographies: aGendered aAsia aand aWomen Studies a068032 c152138d152138 00102ddc40708Human RightsaALbALd2021-02-17eBiblios, Bunts Hostel Road, Mangaloreg795.00l0o305.42 RAJGp068032r2021-02-17 00:00:00w2021-02-17yBK